| 000 | 02569nam a2200289 a 4500 | ||
|---|---|---|---|
| 003 | OSt | ||
| 005 | 20260209145603.0 | ||
| 007 | cr ||||||a|c|a | ||
| 008 | 230525s2019 mx a|||fom||| 001 0 spa d | ||
| 040 | _erda | ||
| 100 | 1 |
_9187188 _aOltehua Vazquez, Marisol |
|
| 245 | 1 | 0 |
_aSusceptibilidad de Fusarium oxysporum f.sp. cubense causante del mal de Panamá en plátano manzano (Musa SP., ABB) a aceites esenciales / _cpor Marisol Oltehua Vazquez; director de tesis Luciano Martínez Bolaños. |
| 264 | 1 |
_aTabasco, México : _bEl autor, _c2019. |
|
| 300 |
_a1 recurso en línea (72 páginas): _bcuadros, figuras. |
||
| 336 |
_2rdacontent _atexto _btxt |
||
| 337 |
_2rdamedia _acomputadora _bc |
||
| 338 |
_2rdacarrier _arecurso en línea _bcr |
||
| 502 |
_bIAEZT _cURUSSE _d2019. _gLIC |
||
| 504 | _aIncluye referencias bibliográficas: páginas 60-61. | ||
| 520 | _aEl Mal del Panamá causado por Fusarium oxysporum f.sp. cubense (FOC) es una de las enfermedades más destructivas que afectan a los plátanos y bananos en el mundo (Ploetz 2000; Stove 1962). El patógeno infecta al sistema radicular de las plantas, y posteriormente, coloniza el sistema vascular del rizoma y del pseudotallo. Se evaluó el efecto in vitro de bioaceites esenciales en el crecimiento micelial de FOC, posteriormente, se determinó su efectividad en el control de la enfermedad en vitroplantas de plátano manzano (Musa SP., ABB) inoculadas previamente con FOC. Se realizó un análisis de varianza de los resultados y comparaciones de medias de los tratamientos (Duncan, p≤ 0.05%). En las pruebas in vitro el aceite esencial de P. dioica y O. vulgare inhibieron el crecimiento miceliar del hongo; mientras que el aceite esencial de Eucalyptus urograndis, Piper auritum y Foeniculum vulgare a concentraciones de 1000, 3000 y 5000 μl L-1 inhibieron el crecimiento de FOC por 30 días. Para la fase in vivo los aceites esenciales que inhibieron el desarrollo de FOC en plátano manzano fueron los de O. vulgare y Foeniculum vulgare. Los resultados del presente estudio abren una perspectiva para el desarrollo de un programa de manejo integral sostenible de Fusarium en musáceas. | ||
| 650 | 4 |
_9164496 _aPlátano _x enfermedades por hongos |
|
| 650 | 4 |
_9131844 _aAceites esenciales _xEfecto en hongos fitopatógenos |
|
| 650 | 4 |
_9130783 _aFusarium oxysporum _xControl |
|
| 700 | 0 |
_971868 _aMartínez Bolaños, Luciano _eDirector de tesis. |
|
| 856 |
_uhttp://10.13.5.2/tesis/tl/Oltehua_Vazquez_Marisol.pdf _zDESCARGAR PDF |
||
| 942 |
_2Clasificación Universidad Autónoma Chapingo _cTD |
||
| 999 |
_c218829 _d218829 |
||